TVアニメの2期のタイトルクイズ - Statistics

General Stats
  • This quiz has been taken 145 times
  • The average score is 10 of 54
Answer Stats
1期のタイトル 2期のタイトル % Correct
ちはやふる、けものフレンズ、この素晴らしい世界に祝福を! など 2
91%
小林さんちのメイドラゴン 小林さんちのメイドラゴンS
76%
とある科学の超電磁砲 とある科学の超電磁砲S
76%
けいおん!、はたらく細胞!、New Game! など
50%
ゆるキャン△、カノジョも彼女、SPY×FAMILY など SEASON2(season2,Season2など)
47%
干物娘うまるちゃん、政宗くんのリベンジ R
41%
【推しの子】、呪術廻戦、彼女、お借りします など 第2期
39%
かぐや様は告らせたい〜天才たちの恋愛頭脳戦〜 かぐや様は告らせたい?〜天才たちの恋愛頭脳戦〜
38%
ご注文はうさぎですか? ご注文はうさぎですか??
37%
影の実力者になりたくて、Re:ゼロから始める異世界生活、BanG Dream! など 2nd season
34%
やはり俺の青春ラブコメは間違っている。 やはり俺の青春ラブコメは間違っている。続
31%
ワールドトリガー、ヤマノススメ など セカンドシーズン
26%
からかい上手の高木さん からかい上手の高木さん②
22%
のんのんびより のんのんびより りぴーと
22%
冴えない彼女の育てかた 冴えない彼女の育てかた♭
21%
這いよれ!ニャル子さん 這いよれ!ニャル子さんW
21%
ひぐらしのなく頃に ひぐらしのなく頃に 解
20%
無職転生〜異世界行ったら本気だす〜、デート・ア・ライブ、ダンジョンに出会いを求めるのは間違ってるだろうか など II
18%
ゾンビランドサガ ゾンビランドサガリベンジ
17%
まちカドまぞく まちカドまぞく 2丁目
16%
俺の妹がこんなに可愛いわけがない 俺の妹がこんなに可愛いわけがない。
15%
中二病でも恋がしたい! 中二病でも恋がしたい!戀
15%
ひぐらしのなく頃に 業 ひぐらしのなく頃に 卒
14%
五等分の花嫁 五等分の花嫁∬
13%
さよなら絶望先生 俗・さよなら絶望先生
13%
異世界魔王と召喚少女の奴隷魔術 異世界魔王と召喚少女の奴隷魔術Ω
12%
宇崎ちゃんは遊びたい! 宇崎ちゃんは遊びたい!ω
12%
ひだまりスケッチ ひだまりスケッチ×365
12%
僕は友達が少ない 僕は友達が少ないNEXT
12%
きんいろモザイク ハロー!きんいろモザイク
10%
ニセコイ ニセコイ:
10%
ゆるゆり ゆるゆり♪♪
10%
メイドインアビス メイドインアビス 烈日の黄金郷
8%
ホリミヤ ホリミヤ -piece-
7%
食戟のソーマ 食戟のソーマ 弐ノ皿
6%
八十亀ちゃんのかんさつにっき 八十亀ちゃんのかんさつにっき 2さつめ
6%
くまクマ熊ベアー くまクマ熊ベアーぱーんち!
5%
キングダム、3月のライオンなど 第2シリーズ
4%
東京喰種 東京喰種√A
4%
ヒプノシスマイク -Division Rap Battle-Rhyme Anima ヒプノシスマイク -Division Rap Battle-Rhyme Anima +
4%
あまんちゅ! あまんちゅ!〜あどばんす〜
3%
賭ケグルイ 賭ケグルイ××
3%
本好き下剋上〜司書になるために手段を選んではいられません〜、境界戦機 など 第2部
3%
旦那が何を言っているのかわからない件 旦那が何を言っているのかわからない件 2スレ目
3%
マギアレコード 魔法少女まどか☆マギカ外伝 マギアレコード 魔法少女まどか☆マギカ外伝 2nd SEASON -覚醒前夜-
3%
Dr.STONE Dr.STONE STONE WARS
3%
生徒会の一存 生徒会の一存 Lv.2
3%
アルスラーン戦記 アルスラーン戦記 風塵乱舞
2%
鬼頭の冷徹 鬼頭の冷徹 第弐期
2%
夜桜四重奏 夜桜四重奏〜ハナノウタ〜
2%
弱キャラ友崎くん 弱キャラ友崎くん 2nd STAGE
2%
半妖の夜叉姫 半妖の夜叉姫 弐の章
1%
理系が恋に落ちたので証明してみた。 理系が恋に落ちたので証明してみた。r=1-sinθ
1%
Free!-Eternal Summer- Free!-Drive to the Future-
0%
No matching quizzes found
Score Distribution
Percent of People with Each Score
Percentile by Number Answered
Your Score History
You have not taken this quiz